| 000 | 01536nam a2200373 c 4500 | ||
|---|---|---|---|
| 003 | BLK | ||
| 005 | 20180422110046.0 | ||
| 008 | 180409b bul|||||r ||||||| ||bul|| | ||
| 010 | _aKNG00117226000 | ||
| 020 |
_a954-9870-21-9 _bиздат.: Петко Венедиков |
||
| 040 | _aBLK | ||
| 041 |
_aBUL _cBUL |
||
| 080 |
_aДраматични театри. Театри за драма и комедия. Вж и 82-2 _b792.2 _x.008(497.2)(091) _z792.2.008(497.2)(091) |
||
| 100 | 1 |
_aЙорданов, Николай Горанов _eпърви автор _9374684 |
|
| 139 |
_aЙорданов, Николай Горанов _bИ 83 |
||
| 245 | 1 | 0 |
_aТеатрите в България между двете световни войни _cНиколай Горанов Йорданов. |
| 257 | _aBGR | ||
| 260 |
_аСофия _bПетко Венедиков _c2004 _fСофия : Симолини 94 |
||
| 300 |
_a272 с. _bс факс., ил. _c21 см |
||
| 380 | _a7 | ||
| 500 | _aОфс. изд. - Библиогр. с. 262-271 и под линия. | ||
| 504 | _a262-271и под ли | ||
| 650 | 4 |
_aТеатър - България - история _9260534 |
|
| 651 | 4 |
_aБългария _9241624 |
|
| 653 | _aбългарски театър | ||
| 653 | _aистория | ||
| 653 | _aорганизация | ||
| 653 | _aуправление | ||
| 852 | _aЦб 223665 | ||
| 856 | 4 |
_qpdf _u |
|
| 856 | 4 |
_qpdf _u |
|
| 942 |
_cKNG _n0 |
||
| 944 |
_aCR _c25.04.2005 _kВаля_Йорданова |
||
| 944 |
_aED _c19.04.2017 _kВиолета_Тройчева |
||
| 999 |
_c111874 _d111874 |
||